| 000 | 00000nam##2200000za#4500 |
| 001 | 9.572025 |
| 003 | CaOODSP |
| 005 | 20220111083041 |
| 007 | cr ||||||||||| |
| 008 | 150406|1989||||xxc|||||o f|0| 0 eng|d |
| 022 | |a1928-6414 |
| 040 | |aCaOODSP|beng |
| 043 | |an-cn--- |
| 086 | 1 |aNE22-1/1989-3E-PDF |
| 110 | 1 |aCanada. |bNational Energy Board. |
| 245 | 10|aReasons for decision in the matter of North Canadian Oils Limited : |h[electronic resource]|bapplication to orders requiring Foothills Pipe Lines (Yukon) Ltd. to transport gas and provide facilities for the transportation of gas for North Canadian Oils Limited |
| 246 | 1 |aNorth Canadian Oils Limited |
| 260 | |aOttawa - Ontario : |bNational Energy Board |cMay 1989. |
| 300 | |a41p.|bmap, tables |
| 490 | 1 |aReasons for decision|x1928-6414|vMH-2-88 |
| 500 | |aThe catalogue number (NE22-1/1989-3E) and ISBN (0-662-17060-1) for the print edition have been incorrectly copied in this electronic publication. |
| 590 | |a12-04-Supp|b2012-02-20 |
| 775 | 08|tMotifs de décision relativement à North Canadian Oils Limited : |w(CaOODSP)9.602440 |
| 830 | #0|aReasons for decision (Canada. National Energy Board)|x1928-6414|vMH-2-88|w(CaOODSP)9.504480 |
| 856 | 40|ahttp://publications.gc.ca|qPDF|s131 KB|uhttps://publications.gc.ca/collections/Collection/NE22-1-1989-3E.pdf|yMH-2-88 |